Statistics for France National Rugby Team

Click here to take the quiz!

General Stats

  • This quiz has been taken 94 times
    (30 since last reset)
  • The average score is 10 of 28

Answer Stats

CapsTriesPointsPlayer% Correct
5336180Damian Penaud
85%
9338233Serge Blanco
85%
7710436Frédéric Michalak
77%
6734170Vincent Clerc
73%
118840Fabien Pelous
69%
901785Gaël Fickou
58%
6725125Christophe Dominici
54%
612373Dimitri Yachvili
54%
4626135Émile Ntamack
54%
713370Morgan Parra
50%
98840Raphaël Ibañez
42%
7623115Aurélien Rougerie
38%
372380Christophe Lamaison
38%
11130125Philippe Sella
35%
8614128Damien Traille
27%
8515Nicolas Mas
23%
4126130Philippe Bernat-Salles
23%
84315Sylvain Marconnet
23%
3612354Didier Camberabero
19%
83735Dimitri Szarzewski
19%
891470Olivier Magne
19%
6932152Philippe Saint-André
19%
436367Thierry Lacroix
12%
323267Gérald Merceron
8%
365337Thomas Ramos
8%
402369Christian Darrouy
4%
344265Jean-Pierre Romeu
4%
5418252Thomas Castaignède
4%

Score Distribution

Percentile by Number Answered

Percent of People with Each Score

Your Score History

You have not taken this quiz since the last reset